000 00474nam a2200169Ia 4500
003 GCL
008 140319s9999 xx 000 0 ara d
040 _aGCL /
_cGCL
082 0 4 _a813.03
_bج ى
100 1 _aجبرا ابراهيم جبرا
245 1 0 _aيوميات سراب عفاف /
_cجبرا ابراهيم جبرا
300 _a278 ص
490 _aكتاب
_v0
650 0 4 _aالادب العربى
650 0 4 _aالقصص الروائية
942 _2ddc
_cBK
999 _c41931
_d41931